Artist by Song - Statistics

General Stats
  • This quiz has been taken 22 times
  • The average score is 9 of 25
Answer Stats
Song Artist % Correct
Rap God Eminem
78%
Old Town Road Lil Nas X
78%
Wrecking Ball Miley Cyrus
72%
Sicko Mode Travis Scott
67%
California Love 2Pac
61%
Yummy Justin Bieber
61%
STAY The Kid LAROI
50%
SAD! XXXTENTACION
50%
Passionfruit Drake
44%
Anti-Hero Taylor Swift
44%
It Was A Good Day Ice Cube
39%
Heartless Kanye West
39%
Snooze SZA
33%
get him back! Olivia Rodrigo
22%
Teeth 5 Seconds of Summer
17%
greedy Tate Mcrae
17%
Daylight David Kushner
11%
Agora Hills Doja Cat
11%
Mathematical Disrespect Lil Mabu
11%
It's Getting Hot NLE Choppa
11%
Running Out Of Time Tyler, The Creator
11%
Mama Cry YNW Melly
11%
Bussin Blueface
6%
Mama's Boy Dominic Fike
6%
VOID Melanie Martinez
6%
No matching quizzes found
Score Distribution
Percent of People with Each Score
Percentile by Number Answered
Your Score History
You have not taken this quiz